000 00747nam a22002177a 4500
999 _c2391
_d2391
001 2391
003 BD-JhCC
005 20171101195439.0
008 171101s1978 bg |||| |||| 000 0 be d
035 _a(BD-JhCC)2391
040 _aBD-JhCC
_dBD-JhCC
041 _aben
082 _a891.4409
_bCHO 1978
100 _aচৌধুরী, সিরাজুল ইসলাম
245 _aশরৎচন্দ্র ও সামন্তবাদ /
_cসিরাজুল ইসলাম চৌধুরী
260 _aঢাকা :
_bসমাজ নিরীক্ষণ কেন্দ্র,
_c১৯৭৮.
300 _a১৩৩ পৃ. :
_c২২ সেমি.
650 _aBengali Literature
942 _2ddc
_cBK